Otoño /
Colección:
San Jorge,
; núm. 16 (octubre 1954), pàg 26-27
Materias:
Tardor -- Narrativa
MARC
| LEADER | 00000naa a2200000 a 4500 | ||
|---|---|---|---|
| 003 | Arxiu | ||
| 005 | 20260324181039.0 | ||
| 008 | 160829s1954 spc xx s spc c | ||
| 100 | |a Oliveras, Alberto |9 29543 | ||
| 245 | 1 | 0 | |a Otoño / |c Alberto Oliveras |
| 490 | |a San Jorge, |v núm. 16 (octubre 1954), pàg 26-27 | ||
| 650 | 0 | |a Tardor |9 55070 |v Narrativa | |
| 773 | |g Núm. 16 (octubre 1954), pàg 26-27 |t San Jorge. | ||
| 901 | |a Arxiu | ||
| 942 | |n 1 |2 udc |c ART | ||
| 952 | |0 0 |1 0 |4 0 |6 REV509 |7 1 |9 65023 |a Arxiu |b Arxiu |d 2023-01-11 |l 0 |o Rev-509 |r 2023-01-11 00:00:00 |w 2023-01-11 |y ARXIU |z També disponible a Rev-523 | ||
| 999 | |c 48802 |d 48802 | ||